| Поле | Инд. | ПП | Название | Значение |
|---|---|---|---|---|
| Тип записи | a | |||
| Библиографический уровень | m | |||
| 001 | Контрольный номер | RU/LIBMSTU/414077457 | ||
| 005 | Дата корректировки | 20190212161725.5 | ||
| 008 | Кодируемые данные | 130227|||||||||ru |||||||||||000|||rus|| | ||
| 020 | a | ISBN | 978-5-459-00385-7 | |
| 040 | b | Код языка каталог. | rus | |
| 041 | 0_ | a | Код языка текста | rus |
| 084 | a | Индекс другой классификации/Индекс ББК | 60.52я7 | |
| 090 | a | Полочн. индекс | 60.5 | |
| x | Авторский знак | Г 12 | ||
| 100 | 1_ | a | Автор | Гавра Д. П. |
| 245 | 10 | a | Заглавие | Основы теории коммуникации |
| b | Продолж. заглавия | для бакалавров и специалистов : учеб. пособие для вузов | ||
| 260 | a | Место издания | Санкт-Петербург [и др.] | |
| b | Издательство | Питер | ||
| c | Дата издания | 2011 | ||
| 300 | a | Объем | 284 с. | |
| b | Иллюстрации/ тип воспроизводства | ил. | ||
| 440 | _0 | a | Серия | Стандарт третьего поколения |
| 440 | _0 | a | Серия | Учебное пособие |
| 650 | 04 | a | Основная рубрика | Коммуникации теория-Учебные издания для высших учебных заведений-Бакалавриат |
| 653 | 0_ | a | Ключевые слова | Категория коммуникации; Коммуникация; Личность коммуникативная; Модели коммуникации; Общество информационное; Семиотический методологический подход; Теория коммуникации; Технологии социально-коммуникативные |
| 901 | t | Тип документа | m | |
| 952 | b | Гриф литературы для ВШ | Допущено УМО вузов по унив. клас. образованию | |
| c | Вид литературы | учебное пособие |